000
00309nam a22001337a 4500
008
170731b xxu||||| |||| 00| 0 eng d
020
_a
0677040105
041
_a
eng
080
_a
004
100
_a
32
101
_a
SHK
245
_a
STUDY AND COMPILATION OF COMPUTER LANGUAGES
_c
WALLACH,Y
942
_2
udc
_c
BK
999
_c
22164
_d
22164